| 000 | 01248 a2200217 4500 | ||
|---|---|---|---|
| 003 | Nust | ||
| 005 | 20220727102655.0 | ||
| 010 | _a 98029398 | ||
| 020 | _a1558603018 | ||
| 040 | _cNust | ||
| 082 | 0 | 0 | _a006.31,LAN |
| 100 | 1 |
_aLangley, Pat. _995434 |
|
| 245 | 1 | 0 |
_aElements of machine learning / _cPat Langley. |
| 260 |
_aSan Francisco, Calif. : _bMorgan Kaufmann, _cc1996. |
||
| 300 |
_axii, 419 p. : _bill. ; _c23 cm. |
||
| 505 | _aAn Overview of Machine Learning (Page-1), The Induction of Logical Conjunction (Page-27), The Induction of Threshold Concept (Page-67),The Induction of Competitive Concepts (Page-95), The Construction of Decision Lists (Page-115), Revision and Extension of Inference Networks (Page-149), The Formation of Concept Hierarchies (Page-187), Other issues in Concept Induction (Page-227), The Formation of Transition Networks (Page-257),The Acquisition of Search Control Knowledge (Page 289, The Formation of Macro Operators (Page-331), Prospects for Machine Learning (Page-377) | ||
| 650 | 0 | _aMachine learning. | |
| 856 | 4 | 2 |
_3Publisher description _uhttp://www.loc.gov/catdir/description/els033/98029398.html |
| 856 | 4 | 2 |
_3Table of contents _uhttp://www.loc.gov/catdir/toc/els032/98029398.html |
| 942 |
_cREF _2ddc |
||
| 999 |
_c175402 _d175402 |
||